Państwa w których odbyły się letnie igrzyska - Statystyki

Ogólne statystyki
  • Ten quiz został rozwiązany 728 razy
    707 od ostatniego zresetowania
  • Średni wynik to 17 z 19
Statystyki odpowiedzi
Rok Państwo % Poprawnych
1964,2020 Japonia
98%
1904,1932,1984,1996,2028 Stany Zjednoczone
98%
2016 Brazylia
97%
1900,1924,2024 Francja
97%
1992 Hiszpania
97%
2008 Chiny
96%
1936,1972 Niemcy
96%
1980 Rosja
96%
1908,1948,2012 Wielka Brytania
94%
1896,2004 Grecja
93%
1976 Kanada
92%
1956,2000 Australia
90%
1960 Włochy
89%
1968 Meksyk
86%
1912 Szwecja
80%
1988 Korea Południowa
78%
1928 Holandia
69%
1920 Belgia
65%
1952 Finlandia
64%
Nie znaleziono quizów pasujących do podanych kryteriów
Rozkład punktacji
Procent ludzi z każdym wynikiem
Percentyl według liczby udzielonych odpowiedzi
Twoja historia wyników
Nie rozwiązałeś tego quizu od ostatniego zresetowania